000 00518cam a2200193ua 4500
001 971
008 110425n ii |||gr||||Z||||||eng
020 _a81-7099-879-4
040 _cMAIN
082 _a332.153
245 1 _aRegional rural banks and development
_cby Naqi Uddin
250 _a1st.
260 _aNew Delhi:
_bMittal publications,
_c2003.
300 _avii, 282p.:
_c20cm.
653 _aPolitical science
653 _aRegional rural banks and development
700 _aUddin, Naqi.,
_eAuthor.
942 _cBK
999 _c891
_d891